[Event "Pasto op 3rd"]
[Site "Pasto"]
[Date "2023.02.19"]
[Round "6"]
[White "Barreiro Jurado, Frank"]
[Black "Pai, Juan David"]
[Result "1/2-1/2"]
[WhiteElo "1945"]
[BlackElo "2050"]
[PlyCount "94"]
[EventDate "2023.02.17"]
[EventType "swiss"]
[EventRounds "6"]
[EventCountry "COL"]
[SourceTitle "EXT 2024"]
[Source "ChessBase"]
[SourceDate "2023.10.10"]
[SourceVersion "1"]
[SourceVersionDate "2023.10.10"]
[SourceQuality "1"]

1. Nf3 Nf6 2. d4 e6 3. g3 b6 4. Bg2 Bb7 5. 0-0 Be7 6. Nbd2 0-0 7. Re1 Ne4 8. Nxe4 Bxe4 9. Ne5 Bxg2 10. Kxg2 d6 11. Nf3 c5 12. c3 Nd7 13. Qd3 Qc7 14. Bg5 Rae8 15. Bxe7 Rxe7 16. Rab1 c4 17. Qc2 f5 18. Kg1 Nf6 19. Nd2 Ref7 20. Rf1 Qc6 21. Rbe1 Ne4 22. f3 Nxd2 23. Qxd2 f4 24. Rd1 Qd5 25. gxf4 Rxf4 26. Rf2 Qh5 27. Rg2 R8f6 28. Rf1 h6 29. Rg3 b5 30. Rf2 Qd5 31. Rfg2 g5 32. Rg4 Rxg4 33. Rxg4 Qf5 34. h4 Rg6 35. hxg5 hxg5 36. Kg2 d5 37. a4 a6 38. axb5 axb5 39. Qc1 e5 40. Qa1 e4 41. Qa8+ Kh7 42. Qb7+ Rg7 43. Qxb5 exf3+ 44. exf3 Qc2+ 45. Kg3 Qc1 46. Qxd5 Qg1+ 47. Kh3 Qh1+ 1/2-1/2

[Event "Pasto op 3rd"]
[Site "Pasto"]
[Date "2023.02.18"]
[Round "3"]
[White "Pai, Juan David"]
[Black "Simancas Maradei, Miguel Alejandro"]
[Result "0-1"]
[WhiteElo "2050"]
[BlackElo "1950"]
[PlyCount "68"]
[EventDate "2023.02.17"]
[EventType "swiss"]
[EventRounds "6"]
[EventCountry "COL"]
[SourceTitle "EXT 2024"]
[Source "ChessBase"]
[SourceDate "2023.10.10"]
[SourceVersion "1"]
[SourceVersionDate "2023.10.10"]
[SourceQuality "1"]

1. d4 Nf6 2. c4 b6 3. Nf3 Bb7 4. g3 g6 5. Bg2 Bg7 6. 0-0 0-0 7. Nc3 e6 8. Qc2 c5 9. dxc5 bxc5 10. Be3 Qe7 11. Rfd1 Na6 12. Bg5 d5 13. cxd5 exd5 14. e3 Rfd8 15. a3 Nc7 16. Rac1 Ne6 17. Qa4 Nxg5 18. Nxg5 d4 19. exd4 cxd4 20. Bxb7 Qxb7 21. Nb5 a6 22. Nxd4 Rd5 23. Ngf3 Qxb2 24. Nc6 Rxd1+ 25. Rxd1 h6 26. Nfe5 Re8 27. Qc4 Rxe5 28. Nxe5 Qxe5 29. Qxa6 Ne4 30. Re1 Kh7 31. Qc4 f5 32. f3 Qa5 33. Re2 Nd2 34. Re8 Nxc4 0-1

[Event "COL-chT"]
[Site "Bucaramanga"]
[Date "2022.09.08"]
[Round "5.3"]
[White "Pai, Juan David"]
[Black "Robles Fonseca, Javier Enrique"]
[Result "0-1"]
[WhiteElo "2066"]
[BlackElo "1430"]
[PlyCount "124"]
[EventDate "2022.09.06"]
[EventType "team-swiss"]
[EventRounds "7"]
[EventCountry "COL"]
[SourceTitle "CBM 210 Extra"]
[Source "ChessBase"]
[SourceDate "2022.11.30"]
[SourceVersion "1"]
[SourceVersionDate "2022.11.30"]
[SourceQuality "1"]
[WhiteTeam "Narino"]
[BlackTeam "Sucre"]
[WhiteTeamCountry "COL"]
[BlackTeamCountry "COL"]

1. Nf3 Nf6 2. g3 g6 3. Bg2 Bg7 4. d4 d5 5. c4 c6 6. Nbd2 0-0 7. 0-0 Bf5 8. Qb3 Qc8 9. Ne5 Nbd7 10. cxd5 cxd5 11. Bxd5 Nxd5 12. Qxd5 Nxe5 13. dxe5 Rd8 14. Qb5 a6 15. Qb4 Bxe5 16. Qxe7 Re8 17. Qh4 Qc2 18. Nc4 Qxe2 19. Bg5 Bxb2 20. Nxb2 Qxb2 21. Bf6 Qb6 22. Rfd1 Re4 23. Qg5 Rg4 24. Bd8 Rxg5 25. Bxb6 Be6 26. a4 Rd5 27. Rdc1 Rc8 28. h4 Rxc1+ 29. Rxc1 Bd7 30. a5 f6 31. Kf1 Re5 32. f4 Re6 33. Rc7 Bc6 34. Kf2 Rd6 35. g4 Rd7 36. Rc8+ Kf7 37. Ke3 Re7+ 38. Kf2 Bd7 39. Rh8 Kg7 40. Bd4 Re4 41. Bxf6+ Kxf6 42. Rxh7 Bc6 43. Kg3 Re3+ 44. Kh2 Rf3 45. f5 gxf5 46. g5+ Kg6 47. Rh6+ Kg7 48. h5 Be8 49. Rb6 Bc6 50. Rb2 Rf1 51. Kg3 f4+ 52. Kh4 Bf3 53. g6 Kh6 54. Rh2 Rh1 55. Rxh1 Bxh1 56. Kg4 f3 57. Kg3 f2 58. Kxf2 Kxh5 59. g7 Bd5 60. Ke3 Kg6 61. Kd4 Ba2 62. Kc5 Kxg7 0-1

[Event "Pasto Narino Cup"]
[Site "Pasto"]
[Date "2022.07.23"]
[Round "2"]
[White "Cajamarca Gordillo, Sebastian Alejandro"]
[Black "Pai, Juan David"]
[Result "1-0"]
[WhiteElo "1557"]
[BlackElo "2078"]
[PlyCount "183"]
[EventDate "2022.07.23"]
[EventType "swiss"]
[EventRounds "6"]
[EventCountry "COL"]
[SourceTitle "CBM 209 Extra"]
[Source "ChessBase"]
[SourceDate "2022.09.30"]
[SourceVersion "1"]
[SourceVersionDate "2022.09.30"]
[SourceQuality "1"]

1. d4 Nf6 2. c4 e6 3. Nc3 d5 4. cxd5 exd5 5. Bg5 Be7 6. e3 0-0 7. Bd3 h6 8. Bxf6 Bxf6 9. Nge2 c6 10. 0-0 Bg4 11. f3 Bc8 12. Ng3 Re8 13. Re1 Qd6 14. Re2 g6 15. Qc2 Kg7 16. Rd1 Nd7 17. b3 b5 18. a4 b4 19. Nb1 a5 20. Rc1 Bb7 21. Ree1 Re7 22. Qf2 Rae8 23. Kh1 c5 24. dxc5 Nxc5 25. Bb5 Rc8 26. Qa2 h5 27. Rcd1 h4 28. Nf1 h3 29. gxh3 Rh8 30. Ng3 d4 31. Qg2 Kf8 32. e4 Bc8 33. Nd2 Bxh3 34. Qf2 Be5 35. Nc4 Bxg3 36. hxg3 Qf6 37. Kg1 Nxb3 38. Rd3 Nc5 39. Qxd4 Qxd4+ 40. Rxd4 Be6 41. Nxa5 b3 42. Bc4 Kg7 43. Rb1 Ra7 44. Nxb3 Nxb3 45. Bxb3 Rb7 46. Bc2 Rc7 47. Bd3 Rc5 48. Ra1 Rh3 49. Kg2 Rch5 50. Kf2 Rh2+ 51. Ke3 Rg2 52. g4 Rhh2 53. Rb4 Rg3 54. e5 Bd5 55. Be4 Be6 56. Bb7 Rgg2 57. Re1 Ra2 58. Bc6 Kh6 59. Kd4 Rac2 60. Be4 Ra2 61. Kc5 Kg5 62. f4+ Kxg4 63. f5 gxf5 64. Bd5+ f4 65. Bxa2 Rxa2 66. Rf1 Rc2+ 67. Kb5 Kf5 68. Rfxf4+ Kxe5 69. Rfd4 Bd5 70. a5 f5 71. a6 Rc8 72. Ka5 Rc5+ 73. Kb6 Rc6+ 74. Kb5 Rc7 75. Rh4 Rf7 76. Kc5 Rc7+ 77. Kb6 Rc6+ 78. Ka7 Rc8 79. Kb6 Rb8+ 80. Ka5 Rc8 81. Rh2 Rc5+ 82. Rb5 Rxb5+ 83. Kxb5 Kf4 84. Rf2+ Kg4 85. Kc5 Ba8 86. Kd4 f4 87. Ke5 f3 88. Kd4 Kf4 89. a7 Kg3 90. Ke3 Bd5 91. Rd2 Bc6 92. Rd8 1-0

[Event "Narino Department-ch"]
[Site "Pasto"]
[Date "2019.12.21"]
[Round "1"]
[White "Pai, Juan David"]
[Black "Finley Rosero, Karol Valentina"]
[Result "1-0"]
[WhiteElo "2055"]
[BlackElo "1595"]
[PlyCount "39"]
[EventDate "2019.12.21"]
[EventType "swiss"]
[EventRounds "5"]
[EventCountry "COL"]
[SourceTitle "EXT 2021"]
[Source "ChessBase"]
[SourceDate "2020.10.23"]
[SourceVersion "1"]
[SourceVersionDate "2020.10.23"]
[SourceQuality "1"]

1. d4 Nf6 2. c4 g6 3. Nf3 Bg7 4. g3 0-0 5. Bg2 d6 6. 0-0 Nbd7 7. Nc3 e5 8. h3 exd4 9. Nxd4 a5 10. e4 Nc5 11. Be3 Re8 12. Qc2 Bd7 13. Rfe1 Qe7 14. Rad1 Rad8 15. Kh2 Ne6 16. a3 Nxd4 17. Bxd4 Be6 18. Qa4 b6 19. Nd5 Bd7 20. Nxe7+ 1-0

[Event "COL-chT 21st"]
[Site "Cartagena"]
[Date "2019.11.30"]
[Round "8.2"]
[White "Pai, Juan David"]
[Black "Otalora Pacheco, Carlos Eduardo"]
[Result "1-0"]
[WhiteElo "1974"]
[BlackElo "2138"]
[PlyCount "151"]
[EventDate "2019.11.30"]
[EventType "team-swiss"]
[EventRounds "9"]
[EventCountry "COL"]
[SourceTitle "CBM 195 Extra"]
[Source "ChessBase"]
[SourceDate "2020.05.31"]
[SourceVersion "1"]
[SourceVersionDate "2020.05.31"]
[SourceQuality "1"]
[WhiteTeam "Narino"]
[BlackTeam "Boyaca"]
[WhiteTeamCountry "COL"]
[BlackTeamCountry "COL"]

1. d4 d5 2. Nf3 Nf6 3. c4 e6 4. Nc3 Be7 5. g3 0-0 6. Bg2 dxc4 7. Ne5 Nc6 8. Nxc4 Nxd4 9. 0-0 c5 10. Bf4 Nd5 11. Bd2 b6 12. e3 Nc6 13. e4 Nxc3 14. Bxc3 Bb7 15. Qg4 Nd4 16. Rfd1 g6 17. Rd3 Ba6 18. b3 Bxc4 19. bxc4 e5 20. h4 h5 21. Qd1 Qd6 22. Rb1 Rad8 23. Kh1 Bf6 24. a4 Qc7 25. Bd2 Nc6 26. Be3 Rxd3 27. Qxd3 Rd8 28. Qe2 Nd4 29. Qa2 Nc6 30. Qc2 Kg7 31. Rd1 Rxd1+ 32. Qxd1 Qd8 33. Qxd8 Nxd8 34. Bh3 Nc6 35. Bd7 Na5 36. Bb5 Kf8 37. Bd2 Nb3 38. Bc3 Ke7 39. Kg2 Kd6 40. Ba6 Nd4 41. Kf1 Be7 42. Ke1 f6 43. Kd2 g5 44. hxg5 fxg5 45. Kd3 h4 46. gxh4 gxh4 47. Bc8 Ne6 48. Bxe6 Kxe6 49. Ke2 Bg5 50. Kf3 Bf6 51. Kg4 Kd6 52. f4 a6 53. f5 Kc6 54. Be1 b5 55. axb5+ axb5 56. cxb5+ Kxb5 57. Bxh4 Bxh4 58. Kxh4 c4 59. f6 c3 60. f7 c2 61. f8Q c1Q 62. Qb8+ Ka6 63. Qxe5 Qe1+ 64. Kg5 Kb6 65. Kf6 Qh4+ 66. Ke6 Qh3+ 67. Qf5 Qb3+ 68. Kf6 Qc3+ 69. e5 Kc7 70. Kf7 Kd8 71. Qf6+ Kc8 72. e6 Qc4 73. Qh8+ Kc7 74. Qe5+ Kc8 75. Kf8 Qf1+ 76. Ke8 1-0

[Event "COL-chT 21st"]
[Site "Cartagena"]
[Date "2019.11.30"]
[Round "2.2"]
[White "Rios Parra, Alejandro"]
[Black "Pai, Juan David"]
[Result "1-0"]
[WhiteElo "2230"]
[BlackElo "1974"]
[PlyCount "69"]
[EventDate "2019.11.30"]
[EventType "team-swiss"]
[EventRounds "9"]
[EventCountry "COL"]
[SourceTitle "CBM 195 Extra"]
[Source "ChessBase"]
[SourceDate "2020.05.31"]
[SourceVersion "1"]
[SourceVersionDate "2020.05.31"]
[SourceQuality "1"]
[WhiteTeam "Caqueta"]
[BlackTeam "Narino"]
[WhiteTeamCountry "COL"]
[BlackTeamCountry "COL"]

1. e4 c5 2. Nf3 e6 3. d4 cxd4 4. Nxd4 a6 5. Nc3 Qc7 6. f4 d6 7. Qf3 Nd7 8. Be3 Ngf6 9. 0-0-0 b5 10. Bd3 Bb7 11. Kb1 Rc8 12. g4 b4 13. Nce2 e5 14. Nf5 exf4 15. Bxf4 g6 16. Ne3 Bg7 17. Nc4 Ne5 18. Bxe5 dxe5 19. Nd6+ Qxd6 20. Bb5+ Qc6 21. Bxc6+ Bxc6 22. Ng3 0-0 23. g5 Nh5 24. Nxh5 gxh5 25. Rhe1 Rc7 26. Qxh5 Rfc8 27. Rd2 a5 28. Qg4 a4 29. Red1 b3 30. axb3 axb3 31. cxb3 Bf8 32. Rd8 Rxd8 33. Rxd8 Kg7 34. Qf5 Bb5 35. Qxe5+ 1-0

[Event "COL-chT rapid"]
[Site "Cartagena"]
[Date "2019.11.29"]
[Round "7.1"]
[White "Lozano Ramirez, Nestor Favian"]
[Black "Pai, Juan David"]
[Result "1-0"]
[WhiteElo "2312"]
[BlackElo "2008"]
[PlyCount "85"]
[EventDate "2019.11.29"]
[EventType "team-swiss"]
[EventRounds "7"]
[EventCountry "COL"]
[SourceTitle "CBM 193 Extra"]
[Source "ChessBase"]
[SourceDate "2020.01.31"]
[SourceVersion "1"]
[SourceVersionDate "2020.01.31"]
[SourceQuality "1"]
[WhiteTeam "Cundinamarca"]
[BlackTeam "Narino"]
[WhiteTeamCountry "COL"]
[BlackTeamCountry "COL"]

1. c4 Nf6 2. g3 e6 3. Bg2 d5 4. Nf3 Be7 5. 0-0 0-0 6. b3 b6 7. Bb2 Bb7 8. e3 Nbd7 9. Nc3 c5 10. Qe2 Re8 11. cxd5 exd5 12. d4 a5 13. Rfd1 Qc7 14. Rac1 Ba6 15. Qc2 Rad8 16. dxc5 Nxc5 17. Nd4 Bf8 18. Nde2 Ne6 19. Nxd5 Nxd5 20. Bxd5 Qxc2 21. Rxc2 Nc5 22. Rcd2 Rxd5 23. Rxd5 Bxe2 24. R1d2 Bf3 25. Rd8 Rxd8 26. Rxd8 f6 27. Rb8 Nd7 28. Rd8 Bg4 29. f3 Be6 30. Bd4 Kf7 31. Kf2 h5 32. e4 b5 33. Ra8 a4 34. bxa4 b4 35. a5 Bxa2 36. a6 Bc5 37. Bxc5 Nxc5 38. a7 b3 39. Rb8 Nd3+ 40. Ke3 b2 41. a8Q b1Q 42. Rxb1 Bxb1 43. Qb7+ 1-0

[Event "COL-chT"]
[Site "Cartagena"]
[Date "2019.11.27"]
[Round "6.1"]
[White "Otalora Pacheco, Carlos Eduardo"]
[Black "Pai, Juan David"]
[Result "1-0"]
[WhiteElo "2193"]
[BlackElo "2055"]
[PlyCount "85"]
[EventDate "2019.11.24"]
[EventType "team-swiss"]
[EventRounds "7"]
[EventCountry "COL"]
[SourceTitle "CBM 193 Extra"]
[Source "ChessBase"]
[SourceDate "2020.01.31"]
[SourceVersion "1"]
[SourceVersionDate "2020.01.31"]
[SourceQuality "1"]
[WhiteTeam "Boyaca"]
[BlackTeam "Narino"]
[WhiteTeamCountry "COL"]
[BlackTeamCountry "COL"]

1. d4 Nf6 2. c4 e6 3. Nf3 d5 4. g3 Be7 5. Bg2 0-0 6. 0-0 b6 7. cxd5 exd5 8. Ne5 Bb7 9. Nc3 a6 10. Bf4 Nbd7 11. Rc1 c5 12. Nxd7 Qxd7 13. Na4 Qc6 14. dxc5 bxc5 15. Nxc5 Bxc5 16. Be3 Qb5 17. Bxc5 Rfe8 18. e3 Ne4 19. Bd4 Re6 20. Rc7 Rc8 21. Rxc8+ Bxc8 22. Bh3 Ng5 23. Bxe6 Bxe6 24. h4 Ne4 25. Re1 Qb4 26. Kg2 Bh3+ 27. Kh2 Bf5 28. f3 Nd6 29. Bc3 Qc4 30. Qd4 f6 31. Qxc4 Nxc4 32. b3 Na3 33. Rd1 Nb5 34. Rxd5 Bb1 35. Bd4 Bxa2 36. Rd8+ Kf7 37. b4 Bc4 38. g4 Ke7 39. Rc8 Bd5 40. Kg3 Kd7 41. Rh8 Nxd4 42. exd4 Kc6 43. Rxh7 1-0

[Event "COL-chT"]
[Site "Cartagena"]
[Date "2019.11.25"]
[Round "3.1"]
[White "Pai, Juan David"]
[Black "Rios Parra, Alejandro"]
[Result "0-1"]
[WhiteElo "2055"]
[BlackElo "2245"]
[PlyCount "126"]
[EventDate "2019.11.24"]
[EventType "team-swiss"]
[EventRounds "7"]
[EventCountry "COL"]
[SourceTitle "CBM 193 Extra"]
[Source "ChessBase"]
[SourceDate "2020.01.31"]
[SourceVersion "1"]
[SourceVersionDate "2020.01.31"]
[SourceQuality "1"]
[WhiteTeam "Narino"]
[BlackTeam "Caqueta"]
[WhiteTeamCountry "COL"]
[BlackTeamCountry "COL"]

1. d4 Nf6 2. Nf3 e6 3. c4 c5 4. g3 b6 5. Bg2 Bb7 6. 0-0 cxd4 7. b3 Be7 8. Bb2 0-0 9. Nbd2 d6 10. Nxd4 Bxg2 11. Kxg2 Qc7 12. e4 a6 13. f4 Nbd7 14. Qe2 Rab8 15. a4 Rfe8 16. Rf3 Qb7 17. b4 d5 18. e5 Ne4 19. b5 Bb4 20. bxa6 Qa8 21. Nxe4 dxe4 22. Rb3 Ba5 23. Nb5 Nc5 24. Re3 Red8 25. a7 Rb7 26. Rd1 Rxd1 27. Qxd1 Rd7 28. Bd4 g6 29. h4 h5 30. Kh3 Kg7 31. Qh1 Rxd4 32. Nxd4 Qxa7 33. Nb3 Nd3 34. Qg2 b5 35. Rxd3 exd3 36. axb5 Bb4 37. Qf3 d2 38. c5 Qd7 39. Qd1 Qd3 40. c6 Qe3 41. Nxd2 Bxd2 42. Kg2 Ba5 43. Qc2 Bb6 44. c7 Qg1+ 45. Kf3 Qh1+ 46. Ke2 Qg2+ 47. Kd1 Qxc2+ 48. Kxc2 Bxc7 49. Kd3 Kf8 50. Ke3 Ke7 51. Kf3 Ba5 52. Kf2 Kd7 53. g4 Kc7 54. f5 exf5 55. gxh5 gxh5 56. Ke3 Kd7 57. Kf4 Ke6 58. Kg5 Kxe5 59. Kxh5 Bd8 60. Kh6 Bxh4 61. Kg7 f4 62. b6 Kd6 63. Kxf7 f3 0-1

[Event "COL pre olympic sf2"]
[Site "Palmira"]
[Date "2019.06.02"]
[Round "8"]
[White "Sanchez, Sebastian Felipe"]
[Black "Pai, Juan David"]
[Result "1-0"]
[WhiteElo "2413"]
[BlackElo "2096"]
[PlyCount "81"]
[EventDate "2019.05.29"]
[EventType "swiss"]
[EventRounds "10"]
[EventCountry "COL"]
[SourceTitle "CBM 190 Extra"]
[Source "ChessBase"]
[SourceDate "2019.07.15"]
[SourceVersion "1"]
[SourceVersionDate "2019.07.15"]
[SourceQuality "1"]

1. e4 c5 2. Nf3 e6 3. d4 cxd4 4. Nxd4 a6 5. Bd3 Nf6 6. 0-0 d6 7. c4 Be7 8. Nc3 0-0 9. b3 Qc7 10. Bb2 Nbd7 11. Qe2 b6 12. f4 Re8 13. Rae1 Qc5 14. Na4 Qh5 15. e5 dxe5 16. fxe5 Ng4 17. h3 Ndxe5 18. Be4 Rb8 19. Nc6 Nxc6 20. Bxc6 Rd8 21. hxg4 Bc5+ 22. Nxc5 Qxc5+ 23. Qf2 Qxf2+ 24. Rxf2 Bb7 25. Bxb7 Rxb7 26. g5 Rbd7 27. g3 Rd3 28. Kg2 a5 29. Be5 R8d7 30. Rc1 a4 31. bxa4 Re3 32. Bf4 Ra3 33. Rb1 f6 34. Rxb6 Rxa4 35. gxf6 Rxc4 36. Rxe6 gxf6 37. Rxf6 Rf7 38. Bh6 Rxf6 39. Rxf6 Rc8 40. a4 Ra8 41. a5 1-0

[Event "COL pre olympic sf2"]
[Site "Palmira"]
[Date "2019.05.29"]
[Round "1"]
[White "Pai, Juan David"]
[Black "Leal, Dayana Vanessa"]
[Result "0-1"]
[WhiteElo "2096"]
[BlackElo "1529"]
[PlyCount "66"]
[EventDate "2019.05.29"]
[EventType "swiss"]
[EventRounds "10"]
[EventCountry "COL"]
[SourceTitle "CBM 190 Extra"]
[Source "ChessBase"]
[SourceDate "2019.07.15"]
[SourceVersion "1"]
[SourceVersionDate "2019.07.15"]
[SourceQuality "1"]

1. Nf3 Nf6 2. d4 g6 3. g3 Bg7 4. Bg2 0-0 5. 0-0 d6 6. c4 Nbd7 7. Nc3 e5 8. h3 c6 9. e4 Qa5 10. Re1 exd4 11. Nxd4 Ne5 12. Bf1 Re8 13. Be3 Be6 14. Nxe6 Rxe6 15. Kg2 Rae8 16. Qb3 Qc7 17. Bxa7 Ned7 18. Bd4 Nxe4 19. Bxg7 Kxg7 20. Nxe4 Rxe4 21. Qc3+ Kg8 22. Red1 Nc5 23. b4 Ne6 24. f3 Re5 25. f4 Re4 26. Qd3 Nd4 27. Qc3 c5 28. b5 Qe7 29. Rd3 h5 30. h4 Qe6 31. Rad1 Qg4 32. Rxd4 cxd4 33. Rxd4 Re3 0-1

[Event "COL-chT Interligas"]
[Site "Palmira"]
[Date "2019.04.28"]
[Round "4.1"]
[White "Delgado, Gilbert Joaquin"]
[Black "Pai, Juan David"]
[Result "0-1"]
[WhiteElo "1954"]
[BlackElo "2096"]
[PlyCount "116"]
[EventDate "2019.04.27"]
[EventType "team-swiss"]
[EventRounds "6"]
[EventCountry "COL"]
[SourceTitle "CBM 190 Extra"]
[Source "ChessBase"]
[SourceDate "2019.07.15"]
[SourceVersion "1"]
[SourceVersionDate "2019.07.15"]
[SourceQuality "1"]
[WhiteTeam "Santander UIS"]
[BlackTeam "Narino"]
[WhiteTeamCountry "COL"]
[BlackTeamCountry "COL"]

1. d4 Nf6 2. Nf3 d5 3. c4 e6 4. Nc3 Be7 5. Bf4 0-0 6. e3 Nh5 7. Be5 Nc6 8. Bd3 Nxe5 9. Nxe5 Nf6 10. Qc2 c5 11. dxc5 d4 12. exd4 Qxd4 13. Nf3 Qf4 14. c6 bxc6 15. 0-0 Rb8 16. Rad1 g6 17. Ne2 Qc7 18. a3 Rd8 19. Rd2 Bf8 20. Ng3 Bh6 21. Re2 c5 22. Ne4 Nh5 23. Neg5 Bg7 24. Rb1 h6 25. Nxf7 Rxd3 26. Nxh6+ Bxh6 27. Qxd3 Nf4 28. Qc2 Nxe2+ 29. Qxe2 Bg7 30. Qc2 Bb7 31. Ng5 Qc6 32. f3 Bd4+ 33. Kh1 Kg7 34. b4 Ba8 35. b5 Qd6 36. Re1 e5 37. a4 Rh8 38. Ne4 Qe7 39. g3 Qf8 40. Kg2 Qf5 41. h4 g5 42. g4 Qf4 43. h5 Rf8 44. Qe2 Bxe4 45. Qxe4 Qxe4 46. Rxe4 Rf6 47. Re2 Kf7 48. Kg3 Ke7 49. Rh2 e4 50. Re2 Rxf3+ 51. Kg2 Rf4 52. Kh3 e3 53. a5 Rf8 54. Kg2 Ke6 55. Ra2 Ke5 56. a6 Rf6 57. Kg3 Ke4 58. Ra3 e2 0-1

[Event "COL-ch"]
[Site "Bogota"]
[Date "2018.11.07"]
[Round "2"]
[White "Valderrama Quiceno, Esteban Alberto"]
[Black "Pai, Juan David"]
[Result "1-0"]
[WhiteElo "2443"]
[BlackElo "2023"]
[PlyCount "77"]
[EventDate "2018.11.06"]
[EventType "swiss"]
[EventRounds "9"]
[EventCountry "COL"]
[SourceTitle "CBM 187 Extra"]
[Source "ChessBase"]
[SourceDate "2018.11.04"]
[SourceVersion "1"]
[SourceVersionDate "2018.11.04"]
[SourceQuality "1"]

1. Nf3 Nf6 2. b3 d5 3. Bb2 c5 4. e3 Nc6 5. Bb5 Bg4 6. h3 Bh5 7. g4 Bg6 8. Ne5 Qc7 9. h4 e6 10. h5 Be4 11. 0-0 Bd6 12. f4 h6 13. d3 Bh7 14. Nd2 0-0-0 15. Bxc6 bxc6 16. Qe2 Rhg8 17. Ndf3 g6 18. hxg6 Bxg6 19. Kh1 Nd7 20. Qh2 d4 21. Nxd7 Rxd7 22. Ne5 Rdd8 23. e4 f6 24. Nc4 Bf7 25. e5 Be7 26. Qh3 Qd7 27. Rae1 Qd5+ 28. Kh2 h5 29. g5 fxg5 30. fxg5 Bg6 31. Bc1 Rdf8 32. Rf6 Bxf6 33. exf6 Bf5 34. Qf1 h4 35. Re5 Qd7 36. Rxc5 h3 37. Qf3 Rxf6 38. Rxc6+ Kb8 39. Bf4+ 1-0

[Event "Palmira op"]
[Site "Palmira"]
[Date "2018.09.23"]
[Round "6"]
[White "Quinones, Fernando"]
[Black "Pai, Juan David"]
[Result "0-1"]
[WhiteElo "1697"]
[BlackElo "2031"]
[PlyCount "89"]
[EventDate "2018.09.20"]
[EventType "swiss"]
[EventRounds "7"]
[EventCountry "COL"]
[SourceTitle "CBM 187 Extra"]
[Source "ChessBase"]
[SourceDate "2018.11.04"]
[SourceVersion "1"]
[SourceVersionDate "2018.11.04"]
[SourceQuality "1"]

1. c4 c5 2. e3 Nf6 3. Nc3 e6 4. d4 d5 5. Nf3 Nc6 6. cxd5 Nxd5 7. Be2 Be7 8. 0-0 0-0 9. Bd2 b6 10. Rc1 Bb7 11. dxc5 Bxc5 12. Nxd5 exd5 13. a3 Qe7 14. Bc3 Rfd8 15. Nd4 Nxd4 16. Bxd4 Rac8 17. Bf3 Bd6 18. Rxc8 Rxc8 19. g3 h6 20. Bxd5 Bxd5 21. Qg4 f5 22. Qxf5 Qe6 23. Qxe6+ Bxe6 24. Bc3 Bb3 25. e4 a5 26. e5 Bxa3 27. Bxa5 Bxb2 28. Bxb6 Bxe5 29. h4 h5 30. Be3 Bd5 31. Rc1 Rxc1+ 32. Bxc1 Bf3 33. Kf1 Kf7 34. Be3 Ke6 35. Ke1 Kf5 36. Kf1 Ke4 37. Bd2 Kd3 38. Bb4 Bd4 39. Ba5 Bd5 40. Bb4 Be6 41. Ba5 Bh3+ 42. Kg1 Ke2 43. Kh2 Bg4 44. f4 Kf1 45. Bb4 0-1

[Event "COL Intercollegiate-chT U18"]
[Site "Palmira"]
[Date "2017.10.21"]
[Round "6.4"]
[White "Perea Erazo, Janyert Julian"]
[Black "Pai, Juan David"]
[Result "0-1"]
[WhiteElo "1574"]
[BlackElo "2057"]
[PlyCount "86"]
[EventDate "2017.10.19"]
[EventType "swiss"]
[EventRounds "12"]
[EventCountry "COL"]
[SourceTitle "CBM 181 Extra"]
[Source "ChessBase"]
[SourceDate "2017.12.12"]
[SourceVersion "1"]
[SourceVersionDate "2017.12.12"]
[SourceQuality "1"]

1. e4 c5 2. Nf3 e6 3. d4 cxd4 4. Nxd4 Nf6 5. Nc3 d6 6. Be3 a6 7. Be2 Be7 8. Qd2 Qc7 9. 0-0-0 Nbd7 10. Nb3 b5 11. a3 Bb7 12. f3 Rc8 13. Bf4 e5 14. Bg5 h6 15. Bxf6 Nxf6 16. Kb1 0-0 17. Qc1 Rfd8 18. Rhe1 d5 19. Nxd5 Nxd5 20. exd5 Bg5 21. Nd2 Rxd5 22. Bd3 Rxd3 23. cxd3 Qb8 24. Qxc8+ Bxc8 25. Ne4 Be6 26. Nxg5 hxg5 27. Rd2 Qd6 28. Re4 Bf5 29. Re1 Qd4 30. Red1 a5 31. g4 Bg6 32. Ka1 b4 33. a4 b3 34. Kb1 Qxa4 35. Re2 Qa2+ 36. Kc1 Qa1+ 37. Kd2 Qxb2+ 38. Ke1 Qc3+ 39. Kf2 b2 40. f4 Bxd3 41. Rxd3 Qxd3 42. Rxe5 b1Q 43. Re8+ Kh7 0-1

[Event "COL Intercollegiate-chT U18"]
[Site "Palmira"]
[Date "2017.10.20"]
[Round "3.1"]
[White "Quinonez Garcia, Santiago"]
[Black "Pai, Juan David"]
[Result "1-0"]
[WhiteElo "2288"]
[BlackElo "2057"]
[PlyCount "93"]
[EventDate "2017.10.19"]
[EventType "swiss"]
[EventRounds "12"]
[EventCountry "COL"]
[SourceTitle "CBM 181 Extra"]
[Source "ChessBase"]
[SourceDate "2017.12.12"]
[SourceVersion "1"]
[SourceVersionDate "2017.12.12"]
[SourceQuality "1"]

1. e4 c5 2. Nf3 d6 3. d4 cxd4 4. Qxd4 a6 5. c4 Nc6 6. Qe3 Nf6 7. h3 e6 8. Be2 Be7 9. 0-0 0-0 10. Nc3 Qc7 11. b3 b6 12. Bb2 Bb7 13. Rac1 Ne5 14. Nd4 Rfe8 15. Rfe1 Rac8 16. Bd1 Ned7 17. Bc2 Bf8 18. Bb1 g6 19. Nf3 Qc5 20. Qd2 Qh5 21. Rcd1 e5 22. Ne2 Rc6 23. Bc1 g5 24. Qxg5+ Qxg5 25. Bxg5 h6 26. Bc1 b5 27. cxb5 axb5 28. Ng3 Nc5 29. Nh4 Ra6 30. Nhf5 Kh7 31. f3 Rc8 32. Nf1 Ne6 33. N1e3 Nf4 34. Kh2 Ng6 35. Re2 Rac6 36. Ba3 Ne8 37. Red2 Rd8 38. Nd5 Ra6 39. Bb4 Bxd5 40. Rxd5 Nc7 41. R5d2 Ne8 42. Bd3 Nc7 43. Bf1 d5 44. Bxf8 Nxf8 45. exd5 Rda8 46. d6 Nce6 47. a4 1-0

[Event "Pasto Region Interclubes Narino"]
[Site "Pasto"]
[Date "2017.08.21"]
[Round "5.1"]
[White "Pai, Juan David"]
[Black "Barreiro Jurado, Frank"]
[Result "1-0"]
[WhiteElo "1921"]
[BlackElo "2058"]
[PlyCount "85"]
[EventDate "2017.08.20"]
[EventType "swiss"]
[EventRounds "5"]
[EventCountry "COL"]
[SourceTitle "EXT 2024"]
[Source "ChessBase"]
[SourceDate "2023.10.10"]
[SourceVersion "1"]
[SourceVersionDate "2023.10.10"]
[SourceQuality "1"]

1. d4 Nf6 2. Nf3 g6 3. c4 Bg7 4. g3 d6 5. Bg2 0-0 6. 0-0 Nbd7 7. Nc3 e5 8. h3 c6 9. dxe5 dxe5 10. Qc2 Qc7 11. b3 Re8 12. e4 Nc5 13. Be3 Ne6 14. Rfd1 Nd7 15. Rac1 h5 16. b4 a5 17. a3 axb4 18. axb4 h4 19. Nxh4 Nd4 20. Bxd4 exd4 21. Ne2 Qb6 22. Rb1 Ra3 23. c5 Qa6 24. Nxd4 Ra2 25. Rb2 Rxb2 26. Qxb2 Ne5 27. Bf1 Qa7 28. f4 Nd7 29. Ra1 Qb8 30. e5 Nxe5 31. Re1 Rd8 32. fxe5 Rd5 33. Nhf3 Qc7 34. Bc4 Rd8 35. Kg2 Qe7 36. Qb3 Kf8 37. Rf1 Kg8 38. Qc2 Kh8 39. Qe4 Bd7 40. Bxf7 Qxf7 41. Qh4+ Kg8 42. Qxd8+ Kh7 43. Ng5+ 1-0